000 00621nam a2200217 a 4500
001 955625
005 20180222065550.0
008 840207s1984 enka b 001 0 eng
010 _a 84115565
020 _a0631135324 :
_c£19.50
040 _aDLC
_cDLC
_dDLC
041 _aeng
080 _a339.5 CUD
082 0 0 _a339.5 CUD
_219
100 1 _a52
101 _aMAK
245 1 0 _aDisequilibrium macroeconomics in open economies /
_cJohn T. Cuddington , Per-Olov Johansson, Karl-Gustaf Löfgren.
504 _aBibliography: p. 236-243.
906 _a7
_bcbc
_corignew
_d3
_encip
_f19
_gy-gencatlg
942 _2ddc
_cBK
999 _c43176
_d43176